000 00651nam a22001815i 4500
001 154440
003 ES-MaACL
005 20230906205729.0
008 961110s1868 sp |||| | spa d
040 _aCLM
_bspa
_cCCPB | SIC
100 1 _aGómez de Salazar, Fernando.
_9127715
245 1 0 _aAlgebra superior /
_cpor Fernando Gomez de Salazar.
260 _aMadrid :
_b[s.n.],
_c1868 (
_fEstablecimiento tipográfico de R. Vicente)
300 _a[4], 17-335 p. ;
_c21 cm.
590 0 _aDescripción basada en el ejemplar incompleto de AB-BP, A-512-GOM-alg.
752 _aEspaña -
_dMadrid
852 _aES-MaACL
_jF-5551
_z-- Enc. pasta española
999 _c154440
_d154440